| 000 | 01119nas a2200373 4500 | ||
|---|---|---|---|
| 001 | BR0601636 | ||
| 003 | BR-BrBNA | ||
| 005 | 20231205105939.0 | ||
| 007 | ta | ||
| 008 | 230509b bl.|||p| |||| 00| 00por d | ||
| 040 |
_aBR-BrBNA _bpor _cBiblioteca Nacional de Agricultura |
||
| 041 | _a(Pt) | ||
| 072 | _aL02; Q54 | ||
| 100 | 1 | _aSilva, H.O. | |
| 100 | 1 | _aMenezes, I. do C. | |
| 100 | 1 | _aBraga, D.F. | |
| 100 | 1 | _aSchoulten, N.A. | |
| 100 | 1 | _aSilva, L.F. | |
| 245 | 1 | _aQuirera de arroz em substituição ao milho em rações para suínos em crescimento e terminação: desempenho e características de carcaça | |
| 650 | _aARROZ | ||
| 650 | _aMILHO | ||
| 650 | _aSUÍNO | ||
| 650 | _aALIMENTO ALTERNATIVO | ||
| 650 | _aSUBPRODUTO | ||
| 650 | _aCARCAÇA | ||
| 650 | _aRAÇÃO | ||
| 650 | _aNUTRIÇÃO ANIMAL | ||
| 650 | _aCOMPOSIÇÃO QUÍMICA | ||
| 650 | _aDIETA | ||
| 650 | _aCRESCIMENTO | ||
| 773 | 0 |
_tRevista Científica de Produção Animal (Brazil) _xISSN 1415-563X _g(Jul-Dec 2004), v. 6(2) p. 23-32 _wBR0601636 |
|
| 909 |
_a202311 _bLúcia _c55 _dLúcia Elande |
||
| 942 |
_2AGRIS _n0 _cANA |
||
| 999 |
_c185488 _d185488 |
||